Statistics for Country Logic Puzzle by Scambigol #16

Click here to take the quiz!

General Stats

  • This quiz has been taken 141 times
  • The average score is 20 of 24

Answer Stats

Country% Correct
Qatar
97%
Yemen
93%
Zambia
92%
Russia
90%
Oman
87%
United
Arab
Emirates
84%
Saudi Arabia
83%
Vanuatu
83%
Finland
82%
Estonia
81%
Haiti
81%
Azerbaijan
80%
Georgia
79%
Jordan
79%
Latvia
79%
Norway
79%
China
78%
Iraq
78%
Kuwait
78%
Mongolia
78%
Democratic
Republic
of the Congo
77%
Poland
77%
Belarus
76%
Tanzania
76%

Score Distribution

Percentile by Number Answered

Percent of People with Each Score

Your Score History

You have not taken this quiz